Bullismo /

Guardat en:
Dades bibliogràfiques
Autor principal: Arcari, Anna, (1973- )
Altres autors: Provantini, Katia
Format: Llibre
Idioma:italià
Publicat: Milano : Editrice bibliografica, 2019
Col·lecció:I movimenti e le idee ; 20
Matèries:
Etiquetes: Afegir etiqueta
Sense etiquetes, Sigues el primer a etiquetar aquest registre!

MARC

LEADER 00000nam a2200000 i 4500
001 IT\ICCU\MOD\1695717
003 ItRI
005 20260115232158.0
008 190524s2019 it |||||| |||||0|||||c
015 |2 IT  |a 2019-5953 
020 |a 9788893570480 
040 |b ita  |c importazione bologna sebina 
041 7 |a ita  |2 ISO-639-2 
082 |a 371.58  |9 SPECIFICI PROBLEMI DISCIPLINARI SCOLASTICI  |2 23 
100 1 |a Arcari, Anna,  |d  (1973- )  |0 IT\ICCU\MODV\566626 
240 1 0 |a Bullismo  |3 IT\ICCU\VIA\0376472  |9 Arcari, Anna <1973- > 
245 1 0 |a Bullismo /  |c Anna Arcari, Katia Provantini. 
260 |a Milano :  |b Editrice bibliografica,  |c 2019 
300 |a 133 p. ;  |c 17 cm 
650 7 |a Bullismo  |x Prevenzione  |x Ruolo [delle] Scuole 
700 1 |a Provantini, Katia  |0 IT\ICCU\MILV\179989 
830 2 |a I movimenti e le idee ;  |v 20  |0 IT\ICCU\MOD\1656835 
942 |2 ddc  |c BK  |n 0 
952 |0 0  |1 0  |4 0  |6 DOC_302_343000000000000_ARC  |7 0  |9 21488  |a BO  |b BO  |d 2026-01-15  |i 19179  |l 0  |o DOC 302.343 ARC  |p BO19179  |r 2026-01-15 23:21:58  |w 2026-01-15  |x [Sebina 5] [1 v.]  |y BK  |z 1 v. 
999 |c 18345  |d 18345